Statystyki dla Przetłumacz nazwy mórz na polski.

Kliknij tutaj aby rozwiązać quiz!

Ogólne statystyki

  • Ten quiz został rozwiązany 76 razy
  • Średni wynik to 8 z 10

Statystyki odpowiedzi

AngielskiPolski% Poprawnych
BalticBałtyckie
100%
RedCzerwone
100%
JapanJapońskie
99%
NorwegianNorweskie
97%
NorthPółnocne
97%
AdriaticAdriatyckie
80%
CaribbeanKaraibskie
79%
IonianJońskie
47%
AndamanAndamańskie
44%
AegeanEgejskie
44%

Rozkład punktacji

Percentyl według liczby udzielonych odpowiedzi

Procent ludzi z każdym wynikiem

Twoja historia wyników

Nie rozwiązałeś tego quizu